| 000 | 01203cam a22003377a 4500 | ||
|---|---|---|---|
| 003 | CHAP | ||
| 005 | 20220817043754.0 | ||
| 008 | 010518d1996 ii a r 00110 eng d | ||
| 010 | _a83947 | ||
| 011 | _a84919 | ||
| 020 | _a929066357X | ||
| 035 | _a95445 | ||
| 040 | _cCHAP | ||
| 090 | _aFolleto 16232 | ||
| 110 | 2 | _aInternational Crops Research Institute for the Semi-Arid Tropics | |
| 245 | 1 | 0 |
_aGroundnut varieties : _bnikoklia (ICGV 88438), kouklia (ICGV 91098), and gigas (ICGV 91098) _c/by International Crops Research Institute for the Semi-Arid Tropics |
| 260 |
_aAndhra Pradesh, India : _bInternational Crops Research Institute for the Semi-Arid Tropics, _c1996. |
||
| 300 |
_a4 p. : _bilus. |
||
| 410 | 0 | 0 | _aICRISAT |
| 490 | 0 |
_aPlant material description _v; 70 |
|
| 590 |
_aBATCH-UPD _b10 _c20130110 _lUCH01 _h0003 |
||
| 590 |
_aBATCH-UPD _b10 _c20130110 _lUCH01 _h2349 |
||
| 590 |
_aCONVERSION _b10 _c20130109 _lUCH01 _h1347 |
||
| 650 | 1 | 4 |
_aCacahuate _xVariedades. _916912 |
| 810 | 0 | 0 |
_aICRISAT _957272 |
| 830 | 0 | 0 |
_aPlant material description _v; 70 _988771 |
| 901 | _aBK | ||
| 905 | _aLilia Sánchez G. | ||
| 942 | _cFOLL | ||
| 949 |
_aFolleto 16232 _bBC _cFOLL _d954451 _eTS1 _i95445 _sb |
||
| 999 |
_c83947 _d83947 |
||